| 000 | 00816nam a2200229Ia 4500 | ||
|---|---|---|---|
| 001 | 15528 | ||
| 003 | GE_BSU | ||
| 008 | 181216s||||||||xx |||||||||||||| ||und|| | ||
| 040 | _cGE_BSU | ||
| 080 | _a821.353.1-31 | ||
| 100 | _aჩიქოვანი,გრიგოლ | ||
| 245 | _aთხზულებები 4 ტომად. თებერვალი დადგაო..მიწა..ტ.2 | ||
| 245 | _bრომანები. | ||
| 245 | _cრედ.ლ.თურმანიძე. მხატვ. ა.თოდრია | ||
| 260 | _aთბილისი | ||
| 260 | _bმერანი | ||
| 260 | _c1983 | ||
| 300 | _a656გვ.პორტრ.21სმ. | ||
| 653 | _aთებერვალი დადგაო..მიწა. | ||
| 653 | _aრომანები | ||
| 942 | _cBK | ||
| 999 |
_c48628 _d48628 |
||